| 000 | 00826nam a22002537a 4500 | ||
|---|---|---|---|
| 005 | 20251108173720.0 | ||
| 008 | 250721s2006 xx 000 0 ara d | ||
| 020 | _a9957360981 | ||
| 082 | 1 | 4 | _aط/ق/برغ |
| 100 | 1 | _aالبرغوثي، ريما | |
| 245 | 1 | 0 | _aشروق و الأمير فارس / |
| 246 | 1 | 1 | _ashorouq and princen faris |
| 246 | 1 | 3 | _aقصص كان في قديم الزمان |
| 264 | 1 |
_aعمان : _bدار الأسرة للنشر و التوزيع، _c2006. |
|
| 300 | _a16ص. | ||
| 490 | 0 | _aتنمية القراءة باللغتين | |
| 650 | 1 | 7 | _aالقرااه |
| 650 | 1 | 7 | _aالتعلم |
| 650 | 1 | 7 | _aقصص الاطفال |
| 653 | _aمرحله اطفال متوسطه (6-9 سنوات ) | ||
| 700 | 1 |
_aالعدوان، موسى _eمترجم |
|
| 942 |
_2ddc _cBK |
||
| 999 |
_c110649 _d110649 |
||